Tattooing the World : (Record no. 621725)

MARC details
000 -LEADER
fixed length control field 00493nam a2200193 a 4500
008 - FIXED-LENGTH DATA ELEMENTS--GENERAL INFORMATION
fixed length control field 260501s2008##################000#0#eng##
020 ## - INTERNATIONAL STANDARD BOOK NUMBER
ISBN 9780231143691
082 04 - DEWEY DECIMAL CLASSIFICATION NUMBER
Classification number 391.65
Item number ELL
100 1# - MAIN ENTRY--AUTHOR NAME
Personal name Ellis, Juniper,
245 10 - TITLE STATEMENT
Title Tattooing the World :
260 ## - PUBLICATION, DISTRIBUTION, ETC. (IMPRINT)
Name of publisher Columbia University Press,
Year of publication 2008.
300 ## - PHYSICAL DESCRIPTION
Number of Pages 291 pages
650 #0 - SUBJECT ADDED ENTRY--TOPICAL TERM
Topical Term Art.
942 ## - ADDED ENTRY ELEMENTS (KOHA)
Koha item type English Books
Holdings
Withdrawn status Lost status Damaged status Not for loan Home library Current library Shelving location Date acquired Full call number Accession Number Price effective from Koha item type
        Anna Centenary Library Anna Centenary Library 4TH FLOOR, B WING 01.05.2026 391.65 ELL 164899 01.05.2026 English Books

Find us on the map